00801cam a2200217 a 450000100100000000500170001000800410002702000150006802000150008304000250009808200130012310000360013624500830017226000880025530000280034349000310037183000380040204900090044095201170044999900170056600002218320200930011623.0100917s1993 mx a 000 0 spa d a9682948282 a9700504441 aDO-SdBNPbspacBNPHU ann*bnn*1 aFlores Galindo, Alberto.94589910aBuscando un inca :bidentidad y utopia en los Andes /cAlberto Flores Galindo. aMéxico, D. F. :bConsejo Nacional para la Cultura y las Artes ;bGrijalbo,c1993. a433 p. :bil. ;c21 cm.1 aClaves de América Latina 0aClaves de América Latina932587 aBNGR 001054708MOaGRbGRcCTd2010-09-17iLF1l0onn* nn*p22183-10r2020-06-25w2020-06-25y4ZPréstamo en sala c21681d21681